Aquatic Phycomycetes / (Record no. 74767)
[ view plain ]
| 000 -LEADER | |
|---|---|
| fixed length control field | 00985nam a2200301 a 4500 |
| 001 - CONTROL NUMBER | |
| control field | 74767 |
| 003 - CONTROL NUMBER IDENTIFIER | |
| rucl marc code | BD-RjUL |
| 005 - DATE AND TIME OF LATEST TRANSACTION | |
| control field | 20211209082610.0 |
| 008 - FIXED-LENGTH DATA ELEMENTS--GENERAL INFORMATION | |
| fixed length control field | 181202s1960 miuac b s000 0 eng c |
| 035 ## - SYSTEM CONTROL NUMBER | |
| System control number | OCLC ocm01362167 from D971027M |
| System control number | (BD-RjUL)74985 |
| 040 ## - CATALOGING SOURCE | |
| Original cataloging agency | DLC/ICU |
| Transcribing agency | CGU |
| Modifying agency | DLC |
| -- | EQO |
| -- | BD-RjUL |
| Language of cataloging | eng |
| 041 ## - LANGUAGE CODE | |
| Language code of text/sound track or separate title | eng |
| 082 00 - DEWEY DECIMAL CLASSIFICATION NUMBER | |
| Classification number | 589.25 |
| Author mark and year | SPA 1960 |
| 100 1# - MAIN ENTRY--PERSONAL NAME | |
| Personal name | Sparrow, F. K. |
| Fuller form of name | (Frederick Kroeber), |
| Dates associated with a name | 1903-1977. |
| 9 (RLIN) | 225490 |
| 245 10 - TITLE STATEMENT | |
| Title | Aquatic Phycomycetes / |
| Statement of responsibility, etc. | F. K. Sparrow. |
| 250 ## - EDITION STATEMENT | |
| Edition statement | 2d rev. ed. |
| 260 ## - PUBLICATION, DISTRIBUTION, ETC. (IMPRINT) | |
| Place of publication, distribution, etc. | Ann Arbor : |
| Name of publisher, distributor, etc. | University of Michigan Press, |
| Date of publication, distribution, etc. | 1960 |
| 300 ## - PHYSICAL DESCRIPTION | |
| Pagination | xxv, 1187 p. : |
| Illustrations | illus., ports. |
| Size | 25 cm. |
| 490 1# - SERIES STATEMENT | |
| Series statement | University of Michigan studies. Scientific series ; |
| Volume/sequential designation | v. 15 |
| 504 ## - BIBLIOGRAPHY, ETC. NOTE | |
| Bibliography, etc | Bibliography: p. 1105-1164. |
| 650 #0 - SUBJECT ADDED ENTRY--TOPICAL TERM | |
| Topical term or geographic name as entry element | Phycomycetes. |
| 9 (RLIN) | 225491 |
| Topical term or geographic name as entry element | Aquatic fungi. |
| 9 (RLIN) | 225492 |
| 830 #0 - SERIES ADDED ENTRY--UNIFORM TITLE | |
| Uniform title | University of Michigan studies. |
| Volume number/sequential designation | v. 15 |
| 942 ## - ADDED ENTRY ELEMENTS (KOHA) | |
| Source of classification or shelving scheme | Dewey Decimal Classification |
| Koha item type | Books |
| Lost status | Source of classification or shelving scheme | Damaged status | Not for loan | Collection code | Permanent Location | Current Location | Shelving location | Date acquired | Source of acquisition | Cost, normal purchase price | Total Checkouts | Full call number | Date last seen | Copy number | Koha item type |
|---|---|---|---|---|---|---|---|---|---|---|---|---|---|---|---|
| Dewey Decimal Classification | Not For Loan | Non-fiction | Central Library, University of Rajshahi | Central Library, University of Rajshahi | Reading Room | 09/12/2021 | Zeitlinger | 213.60 | 589.25 SPA 1960 | 02/12/2018 | C-1 | Books |